[Event "Quebec op U1700"]
[Site "Montreal"]
[Date "2016.07.27"]
[Round "6.64"]
[White "Dion, Yves"]
[Black "Shahabi, Shahab"]
[Result "0-1"]
[WhiteElo "1431"]
[BlackElo "1516"]
[PlyCount "94"]
[EventDate "2016.07.23"]
[EventType "swiss"]
[EventRounds "8"]
[EventCountry "CAN"]
[SourceTitle "EXT 2022"]
[Source "ChessBase"]
[SourceDate "2021.10.06"]
[SourceVersion "1"]
[SourceVersionDate "2021.10.06"]
[SourceQuality "1"]

1. b3 c5 2. Bb2 b6 3. e3 Nf6 4. Nf3 Bb7 5. Be2 g6 6. d3 Bg7 7. 0-0 Qc7 8. Nbd2 0-0 9. Rb1 d5 10. d4 Nbd7 11. c4 Rad8 12. Qc2 Rfe8 13. Rfe1 e6 14. Ne5 cxd4 15. exd4 Nxe5 16. dxe5 Nd7 17. f4 Qc5+ 18. Kh1 Qe3 19. Nf3 Qxf4 20. Bc1 Qg4 21. Bg5 Rc8 22. h3 Qh5 23. Qd2 h6 24. Bf4 g5 25. Nxg5 Qg6 26. Bd3 f5 27. exf6 Qxf6 28. Nh7 Qh4 29. Kh2 e5 30. g3 Qd8 31. Bxh6 e4 32. Bxg7 Kxg7 33. Bxe4 dxe4 34. Ng5 Nf6 35. Qf4 Qd3 36. Rbd1 Qc3 37. Re2 e3 38. Qd6 Qe5 39. h4 Qxd6 40. Rxd6 Re7 41. Rd3 Kg6 42. Rdxe3 Ng4+ 43. Kh3 Nxe3 44. Rd2 Rce8 45. Rd6+ Kg7 46. h5 Bc8+ 47. Kh4 Ng2# 0-1

[Event "Quebec op U1700"]
[Site "Montreal"]
[Date "2016.07.26"]
[Round "5.21"]
[White "Shahabi, Shahab"]
[Black "Chang, Alexander Rz"]
[Result "1-0"]
[WhiteElo "1516"]
[BlackElo "1396"]
[PlyCount "83"]
[EventDate "2016.07.23"]
[EventType "swiss"]
[EventRounds "8"]
[EventCountry "CAN"]
[SourceTitle "EXT 2022"]
[Source "ChessBase"]
[SourceDate "2021.10.06"]
[SourceVersion "1"]
[SourceVersionDate "2021.10.06"]
[SourceQuality "1"]

1. e4 e5 2. Nf3 Nc6 3. Bc4 Bc5 4. 0-0 Nf6 5. Nc3 0-0 6. d3 h6 7. a3 a6 8. Be3 Bxe3 9. fxe3 Re8 10. Qe1 d6 11. d4 Bg4 12. Ne2 exd4 13. exd4 Rxe4 14. c3 Qe8 15. Qf2 d5 16. Bd3 Re7 17. Rae1 Qd7 18. Ng3 Rae8 19. Rxe7 Rxe7 20. Re1 Rxe1+ 21. Nxe1 Nh5 22. Bf5 Bxf5 23. Nxf5 Ne7 24. Nxe7+ Qxe7 25. Nd3 Qe4 26. Qf3 Qxf3 27. gxf3 b6 28. Nb4 Nf4 29. Nxa6 Ne6 30. Nb4 Nf4 31. Kf2 c5 32. dxc5 bxc5 33. Na6 Nd3+ 34. Ke2 Nc1+ 35. Ke3 Nb3 36. Nc7 d4+ 37. cxd4 cxd4+ 38. Kd3 Kf8 39. Nb5 Ke7 40. Nxd4 Nxd4 41. Kxd4 Kd6 42. a4 1-0

[Event "Montreal Mercredi 01"]
[Site "Montreal"]
[Date "2007.01.17"]
[Round "2"]
[White "Cote, Philippe"]
[Black "Shahabi, Shahab"]
[Result "1-0"]
[WhiteElo "1467"]
[BlackElo "1455"]
[PlyCount "65"]
[EventDate "2007.01.10"]
[EventType "swiss"]
[EventRounds "5"]
[EventCountry "CAN"]
[SourceTitle "EXT 2022"]
[Source "ChessBase"]
[SourceDate "2021.10.06"]
[SourceVersion "1"]
[SourceVersionDate "2021.10.06"]
[SourceQuality "1"]

1. e4 e5 2. Nc3 Nf6 3. f4 d6 4. Nf3 exf4 5. d4 Bg4 6. Bxf4 Be7 7. Qd2 Nbd7 8. 0-0-0 Nh5 9. Be3 0-0 10. Bd3 Nb6 11. h3 Bd7 12. g4 Nf6 13. e5 Nfd5 14. Nxd5 Nxd5 15. Bg5 f6 16. Bh4 fxe5 17. Bxe7 Qxe7 18. Ng5 h6 19. Nh7 Rf4 20. dxe5 dxe5 21. g5 hxg5 22. Rhg1 g4 23. hxg4 Nb4 24. Rge1 Bxg4 25. Qxf4 exf4 26. Rxe7 Nxd3+ 27. Rxd3 Kxh7 28. Rd4 Rf8 29. Rxc7 f3 30. Rxg4 f2 31. Rgxg7+ Kh6 32. Rh7+ Kg5 33. Rh1 1-0